Kraje położone najbliżej Wysp Cooka - Statystyki

Ogólne statystyki
  • Ten quiz został rozwiązany 72 razy
  • Średni wynik to 14 z 20
Statystyki odpowiedzi
km kraj % Poprawnych
4568 Australia
94%
2958 Nowa Zelandia
89%
1183 Kiribati
86%
4218 Papua-Nowa Gwinea
83%
3887 Mikronezja
82%
2650 Wyspy Salomona
82%
3105 Stany Zjednoczone
80%
3077 Wyspy Marshalla
80%
696 Samoa
79%
2734 Vanuatu
79%
1574 Fidżi
76%
5815 Indonezja
76%
6894 Palau
76%
1604 Tuvalu
73%
3219 Nauru
71%
1016 Tonga
71%
4903 Chile
47%
6964 Japonia
44%
6298 Meksyk
38%
704 Niue
27%
Nie znaleziono quizów pasujących do podanych kryteriów
Rozkład punktacji
Procent ludzi z każdym wynikiem
Percentyl według liczby udzielonych odpowiedzi
Twoja historia wyników
Nie rozwiązałeś tego quizu